00925nam a2200253Ia 450000500170000000800410001702000150005808200230007310000290009624500880012525000190021330000270023249000380025950400280029765000490032565000520037465000480042670000310047426400430050533600270054833700330057533800280060804000350063620220317000811.0160601s2004 ck g 000 0 spa  a958807932204a352.1409861 bR28g1 aRevelo Hurtado, Baudilio10aGuía jurídica del alcalde cBaudilio Revelo Hurtado, Ana Cecilia León Calero a1a. edición  a337 páginas c24 cm  aColección Textos universitarios aIncluye bibliografías142LEMBaAdministración pública zColombia 142LEMBaAlcaldes xElección popular zColombia 142LEMBaFuncionarios y empleados municipales 1 aLeón Calero, Ana Cecilia aCali bUniversidad Libre de Calic2004 atextobtxt2rdacontent asin mediaciónbn2rdamedia avolumenbnc2rdacarrier aCO-BoRNBPbspaerdacCO-BoRNBP